Градове в България без букви от думата БЪЛГАРИЯ - Statistics

General Stats
  • This quiz has been taken 77 times
  • The average score is 3 of 8
Answer Stats
Country % Correct
Шумен
68%
Сопот
52%
Тетевен
33%
Ветово
27%
Попово
25%
Костенец
23%
Земен
20%
Сеново
13%
No matching quizzes found
Score Distribution
Percent of People with Each Score
Percentile by Number Answered
Your Score History
You have not taken this quiz